[Event "Titled Tuesday intern op 06th Feb Late"]
[Site "Chess.com INT"]
[Date "2024.02.06"]
[Round "6"]
[White "Coca Cubillos, Jesus Alberto"]
[Black "Janaszak, Dawid"]
[Result "0-1"]
[WhiteElo "1944"]
[BlackElo "2308"]
[PlyCount "84"]
[EventDate "2024.02.06"]
[EventType "swiss (blitz)"]
[EventRounds "11"]
[EventCountry "USA"]
[SourceTitle "CB07_2024"]
[SourceDate "2024.02.14"]
[SourceVersion "1"]
[SourceVersionDate "2024.02.14"]
[SourceQuality "1"]

1. f4 c5 2. Nf3 Nc6 3. e3 g6 4. d4 Bg7 5. c3 cxd4 6. exd4 d5 7. Bd3 Nf6 8. 0-0 Bf5 9. Qe2 Bxd3 10. Qxd3 Ne4 11. Nbd2 f5 12. Ne5 0-0 13. g4 e6 14. gxf5 gxf5 15. Ndf3 Kh8 16. Qe2 Qe7 17. Kh1 Bf6 18. Rg1 Rg8 19. Be3 Bxe5 20. fxe5 Rg4 21. Rxg4 fxg4 22. Nd2 Nxd2 23. Bxd2 Rg8 24. Rg1 Qh4 25. Bf4 Ne7 26. Bg3 Qh5 27. Rf1 Nf5 28. Qf2 Qh3 29. Kg1 Rg6 30. Qg2 Qxg2+ 31. Kxg2 Ne3+ 32. Kf2 Nxf1 33. Kxf1 Rg5 34. Ke2 Rf5 35. b3 Kg8 36. c4 Kf7 37. cxd5 exd5 38. Kd2 Ke6 39. Kc3 h5 40. a4 Rf3+ 41. Kb4 Rxg3 42. hxg3 h4 0-1

[Event "Titled Tuesday intern op 06th Feb Late"]
[Site "Chess.com INT"]
[Date "2024.02.06"]
[Round "4"]
[White "Reinecke, Katharina"]
[Black "Coca Cubillos, Jesus Alberto"]
[Result "0-1"]
[WhiteElo "1936"]
[BlackElo "1944"]
[PlyCount "62"]
[EventDate "2024.02.06"]
[EventType "swiss (blitz)"]
[EventRounds "11"]
[EventCountry "USA"]
[SourceTitle "CB07_2024"]
[SourceDate "2024.02.14"]
[SourceVersion "1"]
[SourceVersionDate "2024.02.14"]
[SourceQuality "1"]

1. e4 g6 2. d4 Bg7 3. g3 d6 4. Bg2 Nc6 5. c4 Nh6 6. Ne2 0-0 7. 0-0 e5 8. d5 Ne7 9. Nbc3 f5 10. Bg5 Nf7 11. Bd2 h6 12. Rc1 g5 13. b4 f4 14. Bh1 Ng6 15. c5 a6 16. a4 h5 17. b5 Nh6 18. cxd6 cxd6 19. bxa6 bxa6 20. Qb3 h4 21. a5 Bh3 22. Rfe1 Ng4 23. f3 Nf6 24. g4 Nxg4 25. fxg4 f3 26. Bxf3 Rxf3 27. Qb4 Qf6 28. Na4 Rf8 29. Nb6 Rf1+ 30. Rxf1 Qxf1+ 31. Rxf1 Rxf1# 0-1

[Event "Titled Tuesday intern op 16th Jan Late"]
[Site "Chess.com INT"]
[Date "2024.01.16"]
[Round "11"]
[White "Dourerassou, Jonathan"]
[Black "Coca Cubillos, Jesus Alberto"]
[Result "0-1"]
[WhiteElo "2410"]
[BlackElo "1944"]
[PlyCount "56"]
[EventDate "2024.01.16"]
[EventType "swiss (blitz)"]
[EventRounds "11"]
[EventCountry "USA"]
[SourceTitle "CB04_2024"]
[SourceDate "2023.10.16"]
[SourceVersion "1"]
[SourceVersionDate "2023.10.16"]
[SourceQuality "1"]

1. e4 g6 2. Nc3 Bg7 3. h4 h6 4. Bc4 c6 5. d4 d6 6. Qf3 e6 7. Nge2 Nd7 8. Bf4 Qe7 9. Qg3 e5 10. dxe5 dxe5 11. Be3 Ngf6 12. 0-0-0 Nh5 13. Qh2 0-0 14. g4 Nhf6 15. g5 Nh5 16. gxh6 Bf6 17. Ng3 Nf4 18. h5 Kh7 19. Rhg1 Nb6 20. Bb3 g5 21. f3 Be6 22. Nge2 Rfd8 23. Nxf4 exf4 24. Bf2 Bxc3 25. bxc3 Qa3+ 26. Kb1 Na4 27. Bxa4 Qxa2+ 28. Kc1 Qa1# 0-1

[Event "Titled Tuesday intern op 09th Jan Early"]
[Site "Chess.com INT"]
[Date "2024.01.09"]
[Round "7"]
[White "Szpar, Milosz"]
[Black "Coca Cubillos, Jesus Alberto"]
[Result "1-0"]
[WhiteElo "2491"]
[BlackElo "1944"]
[PlyCount "89"]
[EventDate "2024.01.09"]
[EventType "swiss (blitz)"]
[EventRounds "11"]
[EventCountry "USA"]
[SourceTitle "CB03_2024"]
[SourceDate "2024.01.17"]
[SourceVersion "1"]
[SourceVersionDate "2024.01.17"]
[SourceQuality "1"]

1. e4 g6 2. d4 Bg7 3. Nf3 d6 4. c3 Nh6 5. Bd3 0-0 6. 0-0 Bg4 7. Nbd2 Kh8 8. h3 Bd7 9. Re1 Nc6 10. b4 a6 11. Rb1 e5 12. Nf1 Ng8 13. Ng3 f6 14. a4 Nce7 15. b5 axb5 16. axb5 b6 17. Nd2 Qe8 18. Qb3 Qf7 19. Bc4 Qe8 20. Ndf1 Ra5 21. f4 Qa8 22. Nh2 Ra1 23. Rxa1 Qxa1 24. Bd2 Qa8 25. Nf3 Nh6 26. Rf1 Qe8 27. fxe5 fxe5 28. dxe5 dxe5 29. Bxh6 Bxh6 30. Nxe5 Be3+ 31. Kh1 Rxf1+ 32. Nxf1 Bf4 33. Nf7+ Kg7 34. g3 Bd6 35. e5 Bc5 36. e6 Qa8+ 37. Kh2 Qf3 38. Qc2 Bxe6 39. Ng5 Qf6 40. Nxe6+ Kh8 41. Nxc5 bxc5 42. Qe2 h5 43. Ne3 Qxc3 44. Nd5 Nf5 45. Nxc3 1-0

[Event "Speed Chess Q1 Sw"]
[Site "Chess.com INT"]
[Date "2023.08.21"]
[Round "5"]
[White "Coca Cubillos, Jesus Alberto"]
[Black "De Winter, Arthur"]
[Result "0-1"]
[WhiteElo "1944"]
[BlackElo "2360"]
[PlyCount "56"]
[EventDate "2023.08.21"]
[EventType "k.o. (blitz)"]
[EventRounds "14"]
[EventCountry "USA"]
[SourceTitle "CBM 215 Extra"]
[Source "ChessBase"]
[SourceDate "2023.09.30"]
[SourceVersion "1"]
[SourceVersionDate "2023.09.30"]
[SourceQuality "1"]

1. f4 d5 2. Nf3 Nf6 3. e3 g6 4. d4 Bg7 5. c3 0-0 6. Bd3 c5 7. Nbd2 cxd4 8. exd4 Nc6 9. 0-0 Bf5 10. Qc2 e6 11. Ne5 Rc8 12. Qb1 Nd7 13. h3 f6 14. Nxd7 Qxd7 15. g4 Bxd3 16. Qxd3 e5 17. Nb3 b6 18. dxe5 fxe5 19. fxe5 Nxe5 20. Qe2 Rxf1+ 21. Kxf1 Rf8+ 22. Kg2 Nf3 23. Be3 d4 24. cxd4 Qd5 25. Qd1 Ne1+ 26. Kg3 Qg2+ 27. Kh4 Nf3+ 28. Qxf3 Rxf3 0-1

[Event "Speed Chess Q1 Sw"]
[Site "Chess.com INT"]
[Date "2023.08.21"]
[Round "7"]
[White "Coca Cubillos, Jesus Alberto"]
[Black "Valle Luis, Leo"]
[Result "1-0"]
[WhiteElo "1944"]
[BlackElo "2250"]
[PlyCount "163"]
[EventDate "2023.08.21"]
[EventType "k.o. (blitz)"]
[EventRounds "14"]
[EventCountry "USA"]
[SourceTitle "CBM 215 Extra"]
[Source "ChessBase"]
[SourceDate "2023.09.30"]
[SourceVersion "1"]
[SourceVersionDate "2023.09.30"]
[SourceQuality "1"]

1. f4 d5 2. Nf3 Nf6 3. e3 Bg4 4. d4 c6 5. c3 Nbd7 6. Bd3 e6 7. 0-0 h5 8. Nbd2 h4 9. Qc2 h3 10. g3 c5 11. Qb1 a6 12. Ne5 Rc8 13. a3 b5 14. b4 cxd4 15. cxd4 Nxe5 16. fxe5 Nd7 17. Rf4 Bh5 18. g4 g5 19. Rf3 Bxg4 20. Rg3 Bd1 21. Nf3 Bxf3 22. Rxf3 Be7 23. Bd2 Qb6 24. Qf1 f5 25. exf6 Bd6 26. Bg6+ Kd8 27. Rxh3 Rf8 28. f7 g4 29. Rh6 g3 30. Bh5 gxh2+ 31. Kh1 Be7 32. Qd3 Rc6 33. Rf1 e5 34. Rxc6 Qxc6 35. dxe5 Nxe5 36. Qf5 Nc4 37. Bc1 d4+ 38. Bf3 Qd7 39. Qxd7+ Kxd7 40. Bg4+ Kd6 41. exd4 Kd5 42. Bh6 Rh8 43. Bg7 Rh4 44. Bc8 Nxa3 45. f8Q Bxf8 46. Bxf8 Nc2 47. Bc5 Nxd4 48. Rd1 Kc4 49. Bxa6 Ne2 50. Bd6 Rh6 51. Bxh2 Kxb4 52. Bb7 Ng3+ 53. Kg2 Ne2 54. Bf3 Nc3 55. Rd4+ Kb3 56. Be5 Rg6+ 57. Kf2 b4 58. Bh5 Rg5 59. Bf7+ Kc2 60. Bf4 Rf5 61. Bg6 b3 62. Bxf5+ Kb2 63. Be5 Kc1 64. Rc4 b2 65. Rxc3+ Kd2 66. Rc2+ Kd1 67. Rxb2 Kc1 68. Rb1+ Kd2 69. Bf4+ Kc3 70. Rc1+ Kb2 71. Ke3 Kb3 72. Kd3 Kb2 73. Rc2+ Kb3 74. Rc3+ Kb2 75. Rc4 Kb3 76. Be6 Kb2 77. Be5+ Kb3 78. Kd4 Kb2 79. Bf6 Kb3 80. Kd3 Ka3 81. Kc2 Ka2 82. Ra4# 1-0

[Event "Manizales op 27th"]
[Site "Manizales"]
[Date "2022.01.08"]
[Round "5"]
[White "Pinzon, Hector"]
[Black "Coca Cubillos, Jesus Alberto"]
[Result "0-1"]
[WhiteElo "1645"]
[BlackElo "1958"]
[PlyCount "66"]
[EventDate "2022.01.06"]
[EventType "swiss"]
[EventRounds "8"]
[EventCountry "COL"]
[SourceTitle "CBM 206 Extra"]
[Source "ChessBase"]
[SourceDate "2022.03.31"]
[SourceVersion "1"]
[SourceVersionDate "2022.03.31"]
[SourceQuality "1"]

1. d4 g6 2. c4 Bg7 3. Nc3 f5 4. g3 Nf6 5. Bg2 d6 6. e3 0-0 7. Nge2 Nc6 8. 0-0 Kh8 9. Rb1 Bd7 10. b4 Qc8 11. b5 Nd8 12. Nf4 e6 13. Qb3 Nf7 14. Ba3 Re8 15. Rfc1 g5 16. Nd3 h6 17. c5 d5 18. Nb4 c6 19. Nd3 Ne4 20. Bxe4 fxe4 21. Ne1 e5 22. Nxe4 Bf5 23. bxc6 bxc6 24. Qb7 Bxe4 25. Qxf7 Bxb1 26. Rxb1 Rf8 27. Qh5 Qf5 28. Rb2 Rab8 29. Rd2 exd4 30. exd4 Rb1 31. Qe2 g4 32. Kg2 Qh5 33. f4 Re8 0-1

[Event "COL Subzt 2.3.4"]
[Site "Risarald"]
[Date "2021.11.25"]
[Round "4"]
[White "Coca Cubillos, Jesus Alberto"]
[Black "Castro Castro, Joaquin"]
[Result "1-0"]
[WhiteElo "1952"]
[BlackElo "1607"]
[PlyCount "85"]
[EventDate "2021.11.23"]
[EventType "swiss"]
[EventRounds "9"]
[EventCountry "COL"]
[SourceTitle "CBM 205 Extra"]
[Source "ChessBase"]
[SourceDate "2022.01.31"]
[SourceVersion "1"]
[SourceVersionDate "2022.01.31"]
[SourceQuality "1"]

1. f4 d5 2. Nf3 g6 3. d4 Bg7 4. e3 c5 5. c3 Nf6 6. Bd3 Bf5 7. 0-0 0-0 8. Bxf5 gxf5 9. dxc5 Ne4 10. Nd4 e6 11. b4 Nc6 12. a3 Qc8 13. Bb2 b6 14. cxb6 axb6 15. Nd2 Nxd4 16. cxd4 Nd6 17. Qb3 Qa6 18. a4 b5 19. a5 Rfc8 20. Qd3 Bf8 21. Nb3 Ne4 22. Nc5 Bxc5 23. dxc5 f6 24. g4 Kf7 25. gxf5 Rg8+ 26. Kh1 Rg7 27. Rad1 Rag8 28. Qe2 Qc6 29. fxe6+ Ke7 30. Bd4 Ng3+ 31. hxg3 Rxg3 32. Rf3 Qxe6 33. Rxg3 Rxg3 34. Rg1 Qe4+ 35. Kh2 Rxg1 36. Kxg1 Qb1+ 37. Kf2 Qxb4 38. Qb2 Qxa5 39. Bxf6+ Kd7 40. Bc3 Qa4 41. Bb4 Qd1 42. Qg7+ Ke6 43. Qh6+ 1-0

[Event "Manizales Las Americas blitz op"]
[Site "Manizales"]
[Date "2021.10.23"]
[Round "10"]
[White "Coca Cubillos, Jesus Alberto"]
[Black "Zuluaga Mancilla, Cesar"]
[Result "0-1"]
[WhiteElo "2133"]
[BlackElo "2189"]
[PlyCount "56"]
[EventDate "2021.10.23"]
[EventType "swiss (blitz)"]
[EventRounds "11"]
[EventCountry "COL"]
[SourceTitle "CBM 205 Extra"]
[Source "ChessBase"]
[SourceDate "2022.01.31"]
[SourceVersion "1"]
[SourceVersionDate "2022.01.31"]
[SourceQuality "1"]

1. f4 d6 2. Nf3 Nf6 3. e3 g6 4. d4 Bg7 5. Bd3 0-0 6. 0-0 c5 7. c3 Nc6 8. Nbd2 e5 9. dxc5 dxc5 10. Bc2 exf4 11. exf4 b6 12. Ng5 h6 13. Nge4 Re8 14. Nxf6+ Qxf6 15. f5 Ba6 16. Rf2 g5 17. h3 Rad8 18. Qh5 Re1+ 19. Kh2 Qe5+ 20. g3 Qe3 21. Ne4 Rxc1 22. Rxc1 Qxc1 23. f6 Bf8 24. h4 Bd3 25. Bxd3 Rxd3 26. hxg5 Rd1 27. Qf3 Ne5 28. Qe2 Rh1+ 0-1

[Event "Manizales Las Americas blitz op"]
[Site "Manizales"]
[Date "2021.10.23"]
[Round "7"]
[White "Palencia Morales, Wilson Guillermo"]
[Black "Coca Cubillos, Jesus Alberto"]
[Result "1-0"]
[WhiteElo "2298"]
[BlackElo "2133"]
[PlyCount "71"]
[EventDate "2021.10.23"]
[EventType "swiss (blitz)"]
[EventRounds "11"]
[EventCountry "COL"]
[SourceTitle "CBM 205 Extra"]
[Source "ChessBase"]
[SourceDate "2022.01.31"]
[SourceVersion "1"]
[SourceVersionDate "2022.01.31"]
[SourceQuality "1"]

1. d4 g6 2. Nf3 Bg7 3. e4 d6 4. Nc3 Nc6 5. Be3 Bg4 6. Be2 e5 7. dxe5 dxe5 8. Bb5 Nge7 9. Nd5 0-0 10. Nxe7+ Qxe7 11. Bxc6 bxc6 12. c3 Rfd8 13. Qc2 Bxf3 14. gxf3 Qh4 15. Ke2 Bh6 16. Qc1 Bxe3 17. Qxe3 Rd6 18. Rad1 Rxd1 19. Kxd1 a5 20. Kc2 a4 21. Qc5 Rd8 22. a3 Rd6 23. Kb1 Qd8 24. Ka2 f6 25. Qc4+ Kg7 26. Qxa4 Rd2 27. Qxc6 Qb8 28. Rb1 Rxf2 29. Qd7+ Kh6 30. Qd3 Rxh2 31. Qe3+ Kg7 32. f4 Qg8+ 33. Ka1 Qb3 34. fxe5 fxe5 35. Qc5 Rh5 36. Rf1 1-0

[Event "Speed Chess GP3"]
[Site "Chess.com INT"]
[Date "2021.10.02"]
[Round "3"]
[White "Coca Cubillos, Jesus Alberto"]
[Black "Liyanage, Ranindu Dilshan"]
[Result "1-0"]
[WhiteElo "1996"]
[BlackElo "2273"]
[PlyCount "119"]
[EventDate "2021.10.02"]
[EventType "swiss (blitz)"]
[EventRounds "10"]
[EventCountry "USA"]
[SourceTitle "CBM 204 Extra"]
[Source "ChessBase"]
[SourceDate "2021.11.30"]
[SourceVersion "1"]
[SourceVersionDate "2021.11.30"]
[SourceQuality "1"]

1. f4 e6 2. Nf3 Nf6 3. e3 d5 4. d4 b6 5. c3 Be7 6. Bd3 0-0 7. 0-0 Ba6 8. Qe2 Bxd3 9. Qxd3 c5 10. Nbd2 Nbd7 11. Ne5 Qc7 12. Rf3 Rfd8 13. Rh3 Qb7 14. g4 Ne4 15. Nxe4 dxe4 16. Qe2 Nxe5 17. fxe5 h6 18. Bd2 f6 19. exf6 Bxf6 20. Rf1 e5 21. Rxf6 gxf6 22. Rxh6 Qg7 23. Rh3 exd4 24. exd4 cxd4 25. Qc4+ Qf7 26. Rh8+ Kxh8 27. Qxf7 e3 28. Be1 Rf8 29. Qh5+ Kg7 30. cxd4 Rae8 31. g5 fxg5 32. Qxg5+ Kf7 33. Qf5+ Kg7 34. Qg5+ Kf7 35. Qd5+ Kg6 36. Bg3 e2 37. Qd6+ Rf6 38. Qb4 Rf1+ 39. Kg2 e1Q 40. Bxe1 Rfxe1 41. Qd6+ R1e6 42. Qg3+ Kf7 43. Qf4+ Rf6 44. Qc7+ Re7 45. Qd8 Re2+ 46. Kg3 Re3+ 47. Kg4 Re4+ 48. Kg5 Rfe6 49. Qd7+ Re7 50. Qf5+ Ke8 51. Qc8+ Kf7 52. Qf5+ Kg8 53. Qd5+ Kg7 54. Kf5 Re1 55. h4 Rf1+ 56. Kg5 Rg1+ 57. Kh5 Kh8 58. Qd8+ Rg8 59. Qxe7 Rg6 60. Kxg6 1-0